"A budeme jedno-" [dajte rosu nebesia]

Bibliographic Details
Main Author: Ďurikovič, Vladimír, 1940-2021 (Author)
Format: Book
Language:Slovak
PhysicalDescription:177 s. 15 cm
Published: [Bratislava] Tatra Medial 1999
Subjects:

MARC

LEADER 00000nam a2200000 a 4500
001 vtls001421253
003 SK-MaSNL
005 20260301072322.0
008 240315s1999 xo r 0 slo
015 |a SNBA2002/02-00714 
035 |a SNK000376103 
040 |a SNK  |b slo  |c SNK  |e AACR2 
041 0 |a slo 
044 |a xo  |c SK 
080 |a 173:241  |2 1981 
080 |a 241  |2 1981 
100 1 |a Ďurikovič, Vladimír,  |d 1940-2021  |4 aut  |9 215013 
245 1 |a "A budeme jedno-"  |b [dajte rosu nebesia]  |c Vladimír Ďurikovič 
260 |a [Bratislava]  |e Hnutie kresťanských rodín na Slovensku  |b Tatra Medial  |c 1999 
300 |a 177 s.  |c 15 cm 
500 |a Čiast. text angl. 
650 0 7 |a manželstvo  |2 SNKPH  |9 659 
655 7 |a príručky  |2 SNKPH  |9 74364 
655 7 |a výklady  |2 SNKPH  |9 29178 
958 |a TL 
958 |a NT 
999 |c 640673  |d 642603 
952 |t P60, <03>, [BOOK], {603}  |a SNK  |b SNK  |y PREZ  |7 0  |p 17A0318222  |o snkSD 71907  |i snkKSP 13179/2001  |0 0  |1 0  |4 0  |d 2001-10-11  |l 0  |r 2005-01-02 00:00:00  |w 2026-02-23